02256cam a2200253Ma 4500001001300000003000900013005001700022008004100039040007800080041000800158082001500166100005600181245018500237260010300422300006800525500097700593505020401570506002101774610004601795650003801841650004501879700002901924710004901953ocn221604252Co-BoUCM20181127153528.0840305s1931 mx a 001 0 spa d aAU@bengcSandra YazodSandra YazodSandra YazodSandra YazodSandra Yazo0 aspa04220a378.091 aPlaza y Jaen, Cristobal Bernardo de ladactive 168710aCronica de la Real y Pontificia Universidad de Mexicocescrita en el siglo XVII por el bachiller Cristobal Bernardo de la Plaza y Jaen ; version paleografica ... por Nicolas Rangel aMéxicobUniversidad Nacional de México Autonoma ; Talleres Gráficos del Museo Nacionalc1931 a2 volumes (xx, 479 ; 471 páginas)bilustracionesc29 x 19 cm. aDetalles físicos: Encuadernación rígida de calidad (holandesa con esquinas) en cartón forrado en tela texturizada (en verde), lomo y esquineras de piel (de color verde), con nervaduras sobre costuras; letras y motivos decorativos en dorado. Guardas. Portadilla, impresa en colores sobre papel especial. Anteportada, con dedicatoria. Portada impresa en dos tintas, con un grabado que muestra el escudo de la Universidad de México. Hoja de papel satinado, con grabado. Introducción, impresa en una sola columna, con notas de pie de página. Edición paleográfica, impresa en dos columnas. Párrafos numerados. Intercala algunas hojas de papel especial (satinado) para ilustraciones (blando y negro). Índice. Colofón parcial, al término de V.2. Algún deterioro en bordes y esquinas. Indicios de cintas pegantes en lomo y tapas. Ligeramente raspada piel del lomo (V.1). Páginas 475 A 478 del V.I, rasgadas, intervención con cinta en parte inferior0 aV.1: Proemio ; Prólogo al Lector ; Crónica de la Universidad de México: Libro 1 - 4 -- V.2: Crónica de la Universidad de México: Libro 5 ; Índice alfabético ; Apéndice documental aConsulta en sala20aReal y Pontificia Universidad de México 7aUniversidadesxHistoriazMéxico 7aEducaciónxHistoriayColoniazMéxico1 aRangel, Nicolásd1864-2 aUniversidad Nacional Autónoma de México.